00550nam a22001817a 4500010001300000020001400013035001300027037001800040040001200058082001700070100001600087245008600103260004500189270003900234300002400273650003600297650003500333 aA-861438 a817533035 aA-861438 bCen Lib / Ret aDPLbEN a634.954bNEG aNegi, S. S. aForestry in India :bresearch, extension, training and education /cby S. S. Negi aNew DelhibMD Publications Pvt Ltdc1997 a11, Darya Ganj bNew Delhie110002 aix, 237p b24cm(Hb) aForests and forestry -- India.  a Forests and forestry. India.